F1 Winners: Charles Leclerc - Statistics

General Stats
  • This quiz has been taken 3,316 times
    1,975 since last reset
  • The average score is 7 of 8
Answer Stats
Season Team Grand Prix % Correct
2024 Ferrari Monaco
98%
2019 Ferrari Italy
95%
2024 Ferrari Italy
95%
2019 Ferrari Belgium
87%
2024 Ferrari United States
87%
2022 Ferrari Bahrain
84%
2022 Ferrari Australia
80%
2022 Ferrari Austria
72%
No matching quizzes found
Score Distribution
Percent of People with Each Score
Percentile by Number Answered
Your Score History
You have not taken this quiz since the last reset